000 00596nam a22001697a 4500
999 _c14445
_d14445
008 190920b ||||| |||| 00| 0 eng d
020 _a9789719804192
082 _22016
_aDFil 647.95068
_bP412
100 _aPerdigon, Grace P.
_939866
245 _aFood service management in the Philippines/
_cGrace P. Perdigon
250 _a2nd ed.
260 _aQuezon City:
_bC & E Publishing, Inc.,
_cc2016.
300 _axxvii, 211 pages:
_billustrations;
_c18 cm.
500 _aIncludes bibliographical references and index.
650 _aFood service management--Philippines.
_939867
942 _2ddc
_cDFIL